| 000 | 00675nam a2200205Ia 4500 | ||
|---|---|---|---|
| 003 | GCL | ||
| 008 | 140319s9999 xx 000 0 ara d | ||
| 040 |
_aGCL / _cGCL |
||
| 082 | 0 | 4 |
_a212.1 _bس ل |
| 245 | 1 | 0 | _aلمن الحكم? لله ام للانسان للشرع ام للعقل |
| 260 |
_a[S.N] : _bدار الكتاب اللبنانى ، _c1984 |
||
| 300 | _a348 ص | ||
| 490 | _a | ||
| 650 | 0 | 4 | _aالاسلام |
| 650 | 0 | 4 | _aالاسلام والاصلاح الاجتماعى |
| 650 | 0 | 4 | _aالاسلام والاصلاح الدينى |
| 650 | 0 | 4 | _aالاسلام والاصلاح السياسى |
| 650 | 0 | 4 | _aالاسلام السياسى |
| 942 |
_2ddc _cBK |
||
| 999 |
_c29330 _d29330 |
||